Socializmus dnes ? /

Gespeichert in:
Bibliographische Detailangaben
1. Verfasser: Šik, Ota (Verfasst von)
Format: Buch
Sprache:Tschechisch
Veröffentlicht: Praha : Academia, 1990
Ausgabe:1.vyd.
Tags: Tag hinzufügen
Keine Tags, Fügen Sie das erste Tag hinzu!

MARC

LEADER 00000nam a22000003a 4500
001 stu882
005 20150617225622.4
008 911218s1990----cs------------------cze-d
020 |a 80-200-0265-0 
040 |a STU  |b slo 
041 0 |a cze 
044 |a cs 
080 |a 330.342.151 
100 1 |a Šik, Ota  |4 aut 
245 1 |a Socializmus dnes ? /  |c [aut.] řik,Ota 
250 |a 1.vyd. 
260 |a Praha :  |b Academia,  |c 1990 
300 |a 206 s 
996 |b E75462  |c R*75462  |l RRUM  |s A  |a 24  |w stu882_0001